banner koha

Retrospectiva 2009 e perspectiva 2010 (Registro n. 328600)

MARC details
000 -LÍDER
fixed length control field 01036nab a2200325 4500
003 - CÓDIGO MARC DA AGÊNCIA CATALOGADORA
Campo de controle BR-BrBNA
005 - DATA E HORA DA ÚLTIMA ATUALIZAÇÃO
Campo de controle 20241112213750.0
008 - CAMPO DE TAMANHO FIXO
fixed length control field 241112b bl.||||| |||| 00| 0 por d
040 ## - FONTE DA CATALOGAÇÃO
Agência catalogadora BR-BrBNA
Idioma da catalogação por
072 ## - CATEGORIA AGRIS
Código AGRIS E16 ; E70
100 ## - ENTRADA PRINCIPAL - NOME PESSOAL
Nome pessoal Boteon, Margarete
100 ## - ENTRADA PRINCIPAL - NOME PESSOAL
Nome pessoal Ferro, Aline Barrozo
100 ## - ENTRADA PRINCIPAL - NOME PESSOAL
Nome pessoal Deleo, João Paulo Bernardes
245 ## - TÍTULO PRINCIPAL
Título principal Retrospectiva 2009 e perspectiva 2010
500 ## - NOTA GERAL
Nota geral 1 illus.; 2 tables; 1 graph
942 ## - ADDED ENTRY ELEMENTS (KOHA)
Koha item type Analítica
520 ## - NOTA DE RESUMO
Nota de conteúdo QUEDA NA EXPORTAÇÃO
520 ## - NOTA DE RESUMO
Nota de conteúdo ALTA NA EXPORTAÇÃO
520 ## - NOTA DE RESUMO
Nota de conteúdo QUEDA NA IMPORTAÇÃO
520 ## - NOTA DE RESUMO
Nota de conteúdo ALTA NA IMPORTAÇÃO
650 ## - ASSUNTO - THESAGRO
Cabeçalho tópico ou nome geográfico HORTALIÇA
650 ## - ASSUNTO - THESAGRO
Cabeçalho tópico ou nome geográfico LUCRO
650 ## - ASSUNTO - THESAGRO
Cabeçalho tópico ou nome geográfico FRUTA
650 ## - ASSUNTO - THESAGRO
Cabeçalho tópico ou nome geográfico PERDA
650 ## - ASSUNTO - THESAGRO
Cabeçalho tópico ou nome geográfico MERCADO INTERNO
650 ## - ASSUNTO - THESAGRO
Cabeçalho tópico ou nome geográfico EXPORTAÇÃO
650 ## - ASSUNTO - THESAGRO
Cabeçalho tópico ou nome geográfico CRESCIMENTO ECONÔMICO
773 0# - ENTRADA ANALÍTICA
Host Biblionumber 4115
Registro do item 345398
Imprenta Piracicaba-SP Centro de Estudos Avançados em Economia Aplicada-CEPEA/USP/ESALQ 2002
Outro identificador 2024-5932
Título Hortifruti Brasil (Brazil)
ISSN 1981-1837
Colação v. 8(86) p. 10-13; (Dec 2009)
Número de controle de registro BR2024003368

Nenhum exemplar disponível.

BINAGRI

Telefone: (61)3218-2567/2388/3357/2097 - binagri@agro.gov.br

Ministério da Agricultura e Pecuária , Esplanada dos Ministérios, Bloco D, Anexo B, Brasília/DF, CEP: 70.043-900